000 00283nam a2200121Ia 4500
008 190216s9999||||xx |||||||||||||| ||und||
100 _aRichard Steele
245 4 _aThe Tender Husband
260 _bEdward Arnold Ltd
_c1967
300 _a90p
650 _aEnglish Drama
942 _cBK
999 _c12401
_d12401